Interiér - priestor pre životný štýl

Bibliographic Details
Main Authors: Petelen, Ivan, 1947- (Author), Daniel, Peter (Author)
Format: Article
Language:Slovak
PhysicalDescription:Fotogr.
ISSN:1335-2180
Subjects:

MARC

LEADER 00000nab a2200000 a 4500
001 vtls000870003
003 SK-MaSNL
005 20260304105013.0
008 250429c2004 xo 0 slo
015 |a SNBRB2004/04-12232 
035 |a CLN000221555 
035 |a urn:nbn:sk:snk-abs83 
035 |a (urnnbn)urn:nbn:sk:snk:ar-a00u6h 
035 |a (uuid)a5045b56-da2c-4017-8c6d-02d7ccb3fa94 
040 |a SNKBUCL  |b slo  |c SNKBUCL  |e AACR2 
041 0 |a slo 
044 |a xo  |c SK 
080 |a 72.012.8  |2 1997 
080 |a 7.05  |2 1997 
100 1 |a Petelen, Ivan,  |d 1947-  |4 aut  |9 106421 
245 1 0 |a Interiér - priestor pre životný štýl  |c Ivan Petelen, Peter Daniel 
300 |b Fotogr. 
650 0 7 |a interiérový dizajn  |2 snkbucl  |9 72714 
650 0 7 |a interiéry  |x architektúra  |x dizajn  |2 snkbucl  |9 1405781 
655 7 |a články z novín a časopisov  |2 snkbucl  |9 267496 
700 1 |a Daniel, Peter  |4 aut  |9 10543 
773 0 |t Projekt  |g Roč. 46, č. 1 (2004), s. 4-6  |x 1335-2180 
850 |a Slovenská národná knižnica 
852 |a Slovenská národná knižnica 
954 |a odborná, vedecká literatúra pôvodná (slovenská)  |2 lita 
958 |a article27 
958 |a OND 
958 |a EUIPO 
992 |a RBX 
999 |c 2853935  |d 2855865